| 000 | 00440nam a2200169Ia 4500 | ||
|---|---|---|---|
| 008 | 130318s9999 xx 000 0 und d | ||
| 020 | _a70472580 | ||
| 082 | _a004.22 LEA/D | ||
| 100 | _aLeach, Donald P | ||
| 245 | _aDigital principles and application | ||
| 250 | _a5 | ||
| 260 |
_bTata McGraw Hill _aNew Delhi _c1995 |
||
| 300 | _a638 | ||
| 650 | _aCOMPUTER ARCHITECTURE | ||
| 650 | _aDIGITAL ELECTRONICS | ||
| 700 | _aMalvino, Albert Paul | ||
| 999 |
_c763 _d763 |
||